000 00274nam a22001337a 4500
008 171016b xxu||||| |||| 00| 0 eng d
020 _a9780072819359
041 _aeng
080 _a33
100 _a52
101 _aECO
245 _aECONOMICS
_cBRUE.M
942 _2udc
_cBK
999 _c34132
_d34132